Responses for show #3522 - Tuesday, December 21, 1999

Contestants

[<< previous game]

Yancy Naughton, a golf magazine publisher from Point Pleasant, Pennsylvania

Susan Kahn, a part-time bookkeeper from Los Angeles, California

Maureen Madison, a Ph.D. candidate from Washington, D.C. (whose 2-day cash winnings total $13,200)

[next game >>]

Jeopardy! Round responses

THE OLD TESTAMENT
U.S. TRAVEL
(Alex: We want you to name the artist as we give you the...)
NO. 1 ALBUMS OF THE YEARS
HISTORIC VIRGINIANS
FINNISH LINES
(Alex: Notice the spelling.)
A SESSION WITH DR. JOYCE BROTHERS
    $100 26
Cain

Yancy
    $100 11
Boston

Yancy
    $100 3
Michael Jackson

Yancy
    $100 1
Patrick Henry

Yancy
    $100 21
Glass of alcohol

Yancy
    $100 16
Separation

Maureen
    $200 27
Wife

Triple Stumper
    $200 12
Dudley Do-Right

Susan
    $200 4
Garth Brooks

Yancy
    $200 10
(M: What is an abolitionist?)

Spy (for the Confederacy)

MaureenSusan
    $200 22
Do you speak English?

Susan
    $200 17
His mother

Yancy
    $300 28
(Y: Who were the Phoenicians?)

Philistines

Yancy
Triple Stumper
    $300 13
Maine

Maureen
    $300 5
Carole King

Susan
    $300 9
Robert E. Lee

Yancy
    $300 23
Sauna

Susan
    $300 18
Workaholic

Yancy
    $400 29
(Y: What are drums?)

Cymbals

SusanYancy
    $400 14
Washington, D.C.

Maureen
    $400 6
George Michael

Maureen
    $400 2
George Washington

Triple Stumper
    $400 24
Fill it up!

Susan
    $400 19
Shoe fetish

Yancy
    $500 30
(S: Who is Job?)

Jeremiah

Susan
Triple Stumper
    $500 15
Tennessee

Yancy
    $500 7
Paula Abdul

Maureen
    $500 8
Pocahontas

Maureen
    $500 25
(we have a minute to go...)

Smorgasbord

Susan
    $500 20
Ripple effect

Maureen

Scores at the first commercial break (after clue 15):

Maureen Susan Yancy
$1,900 $700 $1,300

Scores at the end of the Jeopardy! Round:

Maureen Susan Yancy
$2,500 $2,000 $1,700

Double Jeopardy! Round responses

PRESIDENTIAL AUTHORS
HE'S ALSO A PLANT
THAT'S AMAZING!
A "CY" OF RELIEF
CRIMEA
RIVERS
    $200 9
(Maureen: Who is Churchill?)
...
(Alex: Churchill just got promoted to president of the United States!)

John F. Kennedy

Maureen
Triple Stumper
    $200 15
Narcissus

Susan
    $200 19
(M: What is an electric eel?)

Electric catfish

Maureen
Triple Stumper
    $200 22
Cyclops

Yancy
    $200 3
Taking photographs

Maureen
    $200 23
Seoul

Yancy
    $400 10
Theodore Roosevelt

Yancy
    $400 16
(M: What is chamomile?)

Camellia

Maureen
Triple Stumper
    $400 4
Yalta

Maureen
    $400 24
Jordan River

Susan
    $600 12
Herbert Hoover

Yancy
    $600 17
James Boswell

Triple Stumper
    $500 5
(M: No response)

Ukraine

Maureen
    $600 25
(S: What is the Baltic?)
(buzzer sounds)

North Sea

SusanYancy
    $2,500 11
(Alex: Stories he had to tell to his friends.)

Dwight D. Eisenhower

Yancy
    $800 14
(S: What is the SS Beagle?)

HMS Beagle (or Beagle itself)

Susan
Triple Stumper
    $800 8
Isis

Maureen
    $800 1
Cypress Hill

Yancy
    $800 6
Sevastopol

Yancy
    $800 20
(with less than a minute to go...)

Arabian Sea

Triple Stumper
    $1000 13
(Y: Who was George Bush?)

Richard Nixon

Yancy
Triple Stumper
    $1000 18
China

Yancy
    $1000 21
Mexico City (in 1847)

Triple Stumper
    $1000 2
Cyclamate

Susan
    $1000 7
Sir Richard Burton

Triple Stumper

Scores at the end of the Double Jeopardy! Round:

Maureen Susan Yancy
$2,600 $2,200 $7,800
(lock game)

[wagering suggestions for these scores]

Final Jeopardy! Round responses

1999 TELEVISION
SusanWhat is Mad About You?
$2,198
MaureenWhat is Seinfeld?
$2,600
YancyWhat is (Seinfeild)
$1,969
Mad About You

Final scores:

Maureen Susan Yancy
$0 $4,398 $5,831
3rd place: World of Science Shopping Spree 2nd place: Intel PC Camera Pro Pack & Compaq Presario Internet Desktop PC New champion: $5,831

Game dynamics:

Coryat scores:

Maureen Susan Yancy
$3,100 $2,200 $6,100
10 R
(including 1 DD),
5 W
(including 1 DD)
11 R,
3 W
20 R
(including 1 DD),
3 W

Combined Coryat: $11,400

The J! Archive is created by fans, for fans. The Jeopardy! game show and all elements thereof, including but not limited to copyright and trademark thereto, are the property of Jeopardy Productions, Inc. and are protected under law. This website is not affiliated with, sponsored by, or operated by Jeopardy Productions, Inc. Join the discussion at JBoard.tv.